Bengal land tenure: the origin and growth intermediate interests in the 19th century (Record no. 360071)

000 -LEADER
fixed length control field 00431cam a22001337a 4500
008 - FIXED-LENGTH DATA ELEMENTS--GENERAL INFORMATION
fixed length control field 180718b1988 xxu||||| |||| 00| 0 eng d
020 ## - INTERNATIONAL STANDARD BOOK NUMBER
International Standard Book Number 8170740371
082 ## - DEWEY DECIMAL CLASSIFICATION NUMBER
Classification number Y15x5412 Is4
100 ## - MAIN ENTRY--PERSONAL NAME
Personal name Islam, Sirajul
245 ## - TITLE STATEMENT
Title Bengal land tenure: the origin and growth intermediate interests in the 19th century
Statement of responsibility, etc. by Sirajul Islam
260 ## - PUBLICATION, DISTRIBUTION, ETC.
Place of publication, distribution, etc. Calcutta
Name of publisher, distributor, etc. K.P. Bagchi
Date of publication, distribution, etc. 1988
300 ## - PHYSICAL DESCRIPTION
Extent 134p.
650 ## - SUBJECT ADDED ENTRY--TOPICAL TERM
Topical term or geographic name entry element Land tenure - India - West Bengal
Holdings
Withdrawn status Lost status Damaged status Not for loan Permanent Location Current Location Date acquired Full call number Barcode Date last seen Price effective from Koha item type
        Indian Institute of Public Administration Indian Institute of Public Administration 1994-03-25 Y15x5412 Is4 67631 2018-07-21 2018-07-21 Book

Powered by Koha